000 00339nam a22001457a 4500
003 OSt
005 20160727222458.0
008 160705b xxu||||| |||| 00| 0 eng d
040 _cTEST
100 _92220
_a Fatima
245 _aCaptain Lewis
260 _aN.D
_b Children Books Trust
_c2002
300 _aCaptain Lewis
942 _2ddc
_cBK
999 _c1908
_d1908